Coupe du Monde 2022 - Liste Allemagne - Statistiques

Statistiques générales
  • Ce quiz a été pris 553 fois
  • Le résultat moyen est 17 sur 27
Statistiques - réponses
Position Team Réponse % Correct
G Bayern Munich Manuel Neuer
98%
G FC Barcelone Marc-André ter Stegen
98%
D Real Madrid Antonio Rüdiger
89%
G Eintracht Francfort Kevin Trapp
89%
M Manchester City Ilkay Gündogan
87%
M Bayern Munich Joshua Kimmich
86%
A Bayern Munich Leroy Sané
85%
A Bayern Munich Serge Gnabry
82%
M Bayern Munich Thomas Müller
81%
M Chelsea Kai Havertz
79%
M Bayern Munich Leon Goretzka
79%
M Bayern Munich Jamal Musiala
74%
Coach Hansi Flick
67%
D Borussia Dortmund Niklas Süle
65%
A Werder Brême Niclas Füllkrug
56%
D Borussia Dortmund Nico Schlotterbeck
54%
D West Ham Thilo Kehrer
51%
A Borussia Dortmund Karim Adeyemi
50%
M Borussia Dortmund Julian Brandt
48%
D RB Leipzig Lukas Klostermann
47%
M Eintracht Francfort Mario Götze
45%
A Borussia Dortmund Youssoufa Moukoko
45%
D RB Leipzig David Raum
42%
D Fribourg Matthias Ginter
39%
D Southampton Armel Bella Kotchap
28%
D Fribourg Christian Günter
28%
A Borussia Mönchengladbach Jonas Hofmann
25%
Aucun quiz correspondant
Distribution des résultats
% des personnes avec chaque résultat
Percentile par nombre de réponses
Votre historique - résultats
Vous n’avez pas pris ce quiz